[Event "Indywidualne Mistrzostwa Polski Juniorow do lat 18 - Chlopcy"]
[Site "Szklarska Poreba"]
[Date "1899-12-30"]
[Round "4.11"]
[White "Pytel, Maciej"]
[Black "Dzwierzynski, Bartosz"]
[Result "1/2-1/2"]
[WhiteTitle "k"]
[BlackTitle "I"]
[WhiteElo "2165"]
[BlackElo "1942"]

1. f4 c5 2. Nf3 Nf6 3. g3 g6 4. Bg2 Bg7 5. O-O O-O 6. d3 Nc6 7. e4 d6 8. h3 e5
9. f5 d5 10. fxg6 hxg6 11. Nc3 dxe4 12. Nxe4 Nxe4 13. dxe4 Qxd1 14. Rxd1 Nd4 15.
Ne1 Be6 16. Be3 b6 17. c3 Nc6 18. Bg5 Na5 19. b3 f6 20. Be3 Rfd8 21. Nc2 Nc6 22.
Kh2 Rxd1 23. Rxd1 Rd8 24. Rxd8+ Nxd8 25. Bf1 Nb7 26. Na3 Nd6 27. Bd3 Kh7 28. Nb5
Nxb5 29. Bxb5 Bh6 30. Bxh6 Kxh6 1/2-1/2

[Event "Indywidualne Mistrzostwa Polski Juniorow do lat 18 - Chlopcy"]
[Site "Szklarska Poreba"]
[Date "1899-12-30"]
[Round "4.12"]
[White "Majocha, Piotr"]
[Black "Raczynski, Krzysztof"]
[Result "0-1"]
[WhiteTitle "I+"]
[BlackTitle "k+"]
[WhiteElo "2028"]
[BlackElo "2157"]

1. Nf3 g6 2. c4 Bg7 3. d4 Nf6 4. Nc3 O-O 5. e4 d6 6. h3 e5 7. d5 Na6 8. Be3 Nc5
9. Nd2 a5 10. g4 c6 11. Qc2 Bd7 12. Be2 Rb8 13. a4 Ne8 14. g5 Nc7 15. Bxc5 dxc5
16. h4 f6 17. Rg1 fxg5 18. hxg5 Na6 19. Nf3 Rf4 20. O-O-O Qf8 21. Rg3 Nb4 22.
Qd2 Qd6 23. Qe1 Rbf8 24. Qh1 R8f7 25. Qg2 Qf8 26. Rh1 Bh8 27. Rh2 cxd5 28. cxd5
c4 29. Bxc4 Qc5 30. b3 Nd3+ 31. Kd2 Nb2 32. Bb5 Bg4 33. Rxg4 Rxf3 34. Nd1 Qd4+
0-1

[Event "Indywidualne Mistrzostwa Polski Juniorow do lat 18 - Chlopcy"]
[Site "Szklarska Poreba"]
[Date "1899-12-30"]
[Round "4.13"]
[White "Garbowski, Jakub"]
[Black "Wierzbicki, Michal"]
[Result "0-1"]
[WhiteTitle "k"]
[BlackTitle "I+"]
[WhiteElo "2151"]
[BlackElo "1919"]

1. e4 e6 2. d4 d5 3. Nd2 Nf6 4. e5 Nfd7 5. Bd3 b6 6. Qe2 c5 7. c3 Nc6 8. Bb5 Bb7
9. Ngf3 a6 10. Ba4 b5 11. Bd1 cxd4 12. cxd4 Qb6 13. Qe3 Rc8 14. O-O h5 15. Qf4
Ne7 16. Nb3 Nf5 17. Bd2 b4 18. Be2 a5 19. Rac1 Rxc1 20. Rxc1 a4 21. Na1 g6 22.
Be3 Bh6 23. Ng5 O-O 24. Bd3 Rc8 25. Rxc8+ Bxc8 26. Bc2 Qc6 27. h3 Ba6 28. g4 hxg4
29. hxg4 Bxg5 30. Qxg5 Nxe3 31. Qxe3 Qb5 32. Qe1 Nb6 33. Bd1 Qc4 34. b3 Qxd4 35.
Nc2 Qc3 36. Qxc3 bxc3 37. Nd4 axb3 38. axb3 Nd7 39. f4 g5 40. f5 exf5 41. Nxf5
Kf8 42. Kf2 Nxe5 43. Ke3 Nc6 44. Bc2 f6 45. Nd4 Nxd4 46. Kxd4 Be2 47. Kxd5 Bxg4
48. Kd4 Ke7 49. Kxc3 Kd6 50. Kd4 Bd7 51. b4 f5 52. b5 g4 53. b6 g3 54. b7 Kc7
55. Ke3 f4+ 56. Ke2 Bc6 57. Bf5 Bxb7 58. Bg4 Kd6 0-1

[Event "Indywidualne Mistrzostwa Polski Juniorow do lat 18 - Chlopcy"]
[Site "Szklarska Poreba"]
[Date "1899-12-30"]
[Round "4.14"]
[White "Paliwoda, Borys"]
[Black "Polczyk, Mikolaj"]
[Result "0-1"]
[WhiteTitle "I+"]
[BlackTitle "k"]
[WhiteElo "1974"]
[BlackElo "2131"]

1. e4 c5 2. Nf3 Nc6 3. d4 cxd4 4. Nxd4 Nf6 5. Nc3 d6 6. Bg5 e6 7. Qd2 Be7 8. O-O-O
Nxd4 9. Qxd4 O-O 10. f4 h6 11. Bxf6 Bxf6 12. Qxd6 Qa5 13. e5 Rd8 14. Qa3 Rxd1+
15. Nxd1 Qxa3 16. bxa3 Be7 17. a4 b6 18. Be2 Bb7 19. Bf3 Ba3+ 20. Kd2 Bxf3 21.
gxf3 Rd8+ 22. Kc3 Bc1 23. Nf2 Bxf4 24. Nd3 Bg5 25. Re1 f5 26. exf6 Bxf6+ 27. Kb3
Kf7 28. Ne5+ Bxe5 29. Rxe5 Rd2 30. a5 Rxh2 31. axb6 axb6 32. Rb5 Rf2 33. Rxb6
Rxf3+ 34. c3 h5 35. a4 h4 36. Rb8 Rf6 37. Rb7+ Kg6 38. Rd7 Rf5 39. Kb4 h3 40.
Rd1 Kh5 41. a5 g5 42. a6 Rf8 43. Kb5 g4 44. a7 h2 45. Ka6 g3 0-1

[Event "Indywidualne Mistrzostwa Polski Juniorow do lat 18 - Chlopcy"]
[Site "Szklarska Poreba"]
[Date "1899-12-30"]
[Round "4.16"]
[White "Jordan, Adam"]
[Black "Ochowicz, Jakub"]
[Result "1/2-1/2"]
[WhiteTitle "I"]
[BlackTitle "I++"]
[WhiteElo "1842"]
[BlackElo "1988"]

1. d4 Nf6 2. c4 g6 3. Nc3 Bg7 4. e4 d6 5. Nf3 O-O 6. Be2 Nbd7 7. O-O e5 8. d5 Nc5
9. Qc2 a5 10. a3 a4 11. Be3 Nb3 12. Rae1 Bd7 13. Qd1 Ng4 14. Bg5 f6 15. Bh4 h5
16. h3 Nh6 17. Bg3 Kh7 18. Bd3 Qe8 19. Bc2 Nc5 20. Nd2 g5 21. f3 b6 22. Qe2 Qg6
23. Kh2 Ng8 24. Nb5 Bxb5 25. cxb5 Bh6 26. Bf2 Ne7 27. Nb1 h4 28. Nc3 Kh8 29. Bxc5
bxc5 30. Nxa4 Nc8 31. Rb1 Nb6 32. Nc3 Ra5 33. a4 Rfa8 34. b3 Qf7 35. Ra1 Bg7 36.
Bd3 Bh6 37. Nd1 Bg7 38. Ne3 Kg8 39. Rg1 Kf8 40. Nc4 Nxc4 41. Bxc4 Bh6 42. Rgb1
f5 43. Qc2 g4 44. fxg4 Bf4+ 45. Kh1 1/2-1/2

[Event "Indywidualne Mistrzostwa Polski Juniorow do lat 18 - Chlopcy"]
[Site "Szklarska Poreba"]
[Date "1899-12-30"]
[Round "4.17"]
[White "Hrymowicz, Artur"]
[Black "Szydelko, Michal"]
[Result "0-1"]
[WhiteTitle "I++"]
[BlackTitle "I"]
[WhiteElo "1991"]
[BlackElo "1764"]

1. e4 e5 2. Nf3 Nf6 3. d4 Nxe4 4. Bd3 d5 5. Nxe5 Bd6 6. O-O O-O 7. c4 c6 8. Nc3
Nxc3 9. bxc3 dxc4 10. Bxc4 Qc7 11. f4 Nd7 12. Be3 Nf6 13. Qc2 b5 14. Bd3 Bb7 15.
Rae1 a6 16. a4 bxa4 17. Qxa4 c5 18. Rb1 Be4 19. Bxe4 Nxe4 20. Qc2 Nf6 21. Qb3
cxd4 22. Bxd4 Bc5 23. Kh1 a5 24. Qb7 Qxb7 25. Rxb7 Bxd4 26. cxd4 Nd5 27. Rb5 Ne3
28. Ra1 a4 29. d5 Nc2 30. Ra2 a3 31. Kg1 Nd4 32. Rb4 Ne2+ 33. Kf2 Nc3 34. Ra1
Nxd5 35. Rb3 a2 36. Rb2 Nc3 37. Ke1 Rfb8 38. Rxb8+ Rxb8 39. Kd2 Rb1 0-1

[Event "Indywidualne Mistrzostwa Polski Juniorow do lat 18 - Chlopcy"]
[Site "Szklarska Poreba"]
[Date "1899-12-30"]
[Round "4.18"]
[White "Marczak, Szymon"]
[Black "Kukula, Karol"]
[Result "0-1"]
[WhiteTitle "I++"]
[BlackTitle "I"]
[WhiteElo "1931"]
[BlackElo "1785"]

1. c4 e5 2. e3 Nf6 3. Nc3 d5 4. cxd5 Nxd5 5. a3 Nxc3 6. bxc3 Be7 7. Nf3 Bf6 8.
e4 c5 9. Bc4 O-O 10. d3 Qe7 11. Be3 Be6 12. O-O Bxc4 13. dxc4 Rd8 14. Qb3 Nc6
15. Rfd1 b6 16. Rd5 Qc7 17. Rad1 Ne7 18. R5d3 Rxd3 19. Rxd3 Rd8 20. Qd1 Rxd3 21.
Qxd3 Kf8 22. Bg5 Bxg5 23. Nxg5 h6 24. Nf3 f6 25. g4 Ke8 26. Kf1 Qd7 27. Qxd7+
Kxd7 28. Nh4 Kd6 29. Ke2 Ke6 30. Kd3 Kd6 31. f3 Ke6 32. Kd2 Kd6 33. Ng2 a6 34.
a4 Kc6 35. Ne3 b5 36. Nd5 Ng6 37. cxb5+ axb5 38. a5 Kb7 39. c4 b4 40. Nb6 Nf4
41. Nd7 Ne6 42. h4 Kc6 43. Nb6 Nd4 44. Ke3 Nb3 45. Nd5 Nxa5 46. Kd3 Kd6 47. Ne3
Ke6 48. Nf5 Kf7 49. Nd6+ Kf8 50. h5 Nb3 51. Nb7 Ke7 52. Kc2 Nd4+ 53. Kd3 Ne6 54.
Na5 Kd7 55. Nb3 Kc6 56. Nd2 Nd4 57. Nf1 Nxf3 58. Ne3 Nd4 59. Nf5 Ne6 60. Kc2 Kb6
61. Kb3 Ka5 62. Ne3 Nd4+ 63. Kb2 Ka4 64. Nd5 b3 65. Nc7 Kb4 66. Ne8 Ne6 67. Nd6
Nf4 68. Nf5 Nd3+ 69. Kb1 Nf2 70. Nxg7 Nxg4 71. Nf5 Kxc4 0-1

[Event "Indywidualne Mistrzostwa Polski Juniorow do lat 18 - Chlopcy"]
[Site "Szklarska Poreba"]
[Date "1899-12-30"]
[Round "4.19"]
[White "Lis, Mateusz"]
[Black "Iwanczuk, Krzysztof"]
[Result "1-0"]
[WhiteTitle "k"]
[BlackTitle "I"]
[WhiteElo "2156"]
[BlackElo "1749"]

1. e4 c5 2. Nf3 g6 3. d4 cxd4 4. Nxd4 Bg7 5. c4 Nc6 6. Be3 Nf6 7. Nc3 d6 8. Be2
O-O 9. Qd2 Ng4 10. Nxc6 bxc6 11. Bg5 Be6 12. O-O Re8 13. Na4 c5 14. Bxg4 Bxg4
15. Rab1 Bd7 16. Nc3 Rb8 17. Nd5 Bc6 18. Rfe1 Qd7 19. b3 Bxd5 20. Qxd5 Be5 21.
Be3 Qg4 22. h3 Qc8 23. f4 Bg7 24. Rf1 Qb7 25. Qd3 Red8 26. f5 e6 27. f6 Bf8 28.
Rbd1 d5 29. Bf4 Rbc8 30. exd5 exd5 31. cxd5 Rd7 32. d6 Rcd8 33. Rfe1 Qb6 34. Kh2
h6 35. Re7 Bxe7 36. fxe7 Re8 37. Qc3 Kh7 38. Qe5 Qc6 39. Bg3 a6 40. h4 h5 41.
Rf1 Kg8 42. Qf6 Qd5 43. Be5 1-0

[Event "Indywidualne Mistrzostwa Polski Juniorow do lat 18 - Chlopcy"]
[Site "Szklarska Poreba"]
[Date "1899-12-30"]
[Round "4.20"]
[White "Burzak, Wojciech"]
[Black "Niemier, Hubert"]
[Result "1/2-1/2"]
[WhiteTitle "I"]
[BlackTitle "I"]
[WhiteElo "1666"]
[BlackElo "1801"]

1. e4 c6 2. Nf3 d5 3. exd5 cxd5 4. Ne5 Nc6 5. d4 Nf6 6. Bb5 Qb6 7. Bxc6+ bxc6 8.
O-O e6 9. c3 Ba6 10. Re1 Be7 11. Nd2 O-O 12. Ndf3 c5 13. b3 Rfc8 14. Ng5 cxd4
15. cxd4 Bb4 16. Bd2 Qxd4 17. Bxb4 Qxb4 18. Ngxf7 h6 19. a3 Qb6 20. Qb1 Ne4 21.
Rxe4 dxe4 22. Qxe4 Qc7 23. h3 Rf8 24. Rd1 Rad8 25. Nxd8 Rxd8 26. Rxd8+ Qxd8 27.
Nc4 Qd7 28. Qe5 Bxc4 29. bxc4 Kf7 30. c5 a6 31. g3 Qd1+ 32. Kg2 Qd7 33. g4 Qb7+
34. Kg3 Qb3+ 35. Qe3 Qc2 36. f3 g5 37. f4 gxf4+ 38. Qxf4+ Kg6 39. Qe3 Qc4 40.
h4 Qd5 41. g5 h5 42. Qf3 Qe5+ 43. Qf4 Qe1+ 44. Kf3 Qf1+ 45. Ke4 Qc4+ 46. Kf3 Qf1+
47. Kg3 Qg1+ 48. Kh3 Qh1+ 1/2-1/2

[Event "Indywidualne Mistrzostwa Polski Juniorow do lat 18 - Chlopcy"]
[Site "Szklarska Poreba"]
[Date "1899-12-30"]
[Round "4.21"]
[White "Kaminski, Maciej"]
[Black "Kukorowski, Jan"]
[Result "1-0"]
[WhiteTitle "I++"]
[BlackTitle "I+"]
[WhiteElo "1796"]
[BlackElo "1719"]

1. e4 e6 2. d4 d5 3. Nc3 Nf6 4. e5 Nfd7 5. f4 c5 6. Nf3 Nc6 7. Be3 Be7 8. Qd2 O-O
9. dxc5 Bxc5 10. O-O-O Qa5 11. a3 a6 12. Bxc5 Nxc5 13. Kb1 Na4 14. Nxa4 Qxa4 15.
Nd4 Bd7 16. Nb3 b6 17. Bd3 Na5 18. Qe3 Bb5 19. f5 Bxd3 20. Rxd3 Nc4 21. Qd4 exf5
22. Qxd5 Rac8 23. e6 fxe6 24. Qxe6+ Kh8 25. Rf1 Qe8 26. Nd4 Qxe6 27. Nxe6 Rf6
28. Nf4 g6 29. Re1 Rd6 30. Ka2 Rcd8 31. Re7 Rxd3 32. cxd3 Nd6 33. Ne6 Re8 34.
Rxe8+ Nxe8 35. Kb3 Kg8 36. Kc4 h6 37. Kd5 g5 38. Ke5 f4 39. d4 Kf7 40. Nd8+ Ke7
41. Nc6+ Kf7 42. d5 Nf6 43. h3 Nd7+ 44. Kd6 Nc5 45. Kc7 h5 46. b4 Ne4 47. d6 Nxd6
48. Kxd6 Kf6 49. Kd5 g4 50. hxg4 hxg4 51. Nd4 a5 52. Ke4 axb4 53. axb4 f3 54.
gxf3 gxf3 55. Nxf3 1-0

[Event "Indywidualne Mistrzostwa Polski Juniorow do lat 18 - Chlopcy"]
[Site "Szklarska Poreba"]
[Date "1899-12-30"]
[Round "4.22"]
[White "Posluszny, Tomasz"]
[Black "Goreczny, Tomasz"]
[Result "1-0"]
[WhiteTitle "I+"]
[BlackTitle "I"]
[WhiteElo "1906"]
[BlackElo "1784"]

1. d4 e6 2. c4 f5 3. g3 Nf6 4. Bg2 d5 5. Nf3 c6 6. O-O Bd6 7. Ne5 O-O 8. Bf4 Bxe5
9. Bxe5 Ng4 10. Bf4 g5 11. Bc1 dxc4 12. e4 e5 13. h3 Qxd4 14. hxg4 Qxd1 15. Rxd1
f4 16. f3 Be6 17. gxf4 gxf4 18. Bf1 Kf7 19. a4 b5 20. axb5 cxb5 21. Na3 Nc6 22.
Nxb5 Rad8 23. Rxd8 Rxd8 24. Be2 Kf6 25. Ra6 Nb4 26. Rd6 Rc8 27. Bd2 Nc2 28. Nxa7
Rc5 29. Rc6 Rxc6 30. Nxc6 Nd4 31. Nxd4 exd4 32. Bxf4 Kg6 33. Be5 c3 34. bxc3 dxc3
35. Bxc3 h5 36. gxh5+ Kxh5 37. Kg2 Kg6 38. Kg3 Kg5 39. f4+ Kg6 40. Bg4 Bb3 41.
f5+ Kf7 42. e5 Ke7 43. f6+ Kf7 44. e6+ 1-0

[Event "Indywidualne Mistrzostwa Polski Juniorow do lat 18 - Chlopcy"]
[Site "Szklarska Poreba"]
[Date "1899-12-30"]
[Round "5.1"]
[White "Kozak, Antoni"]
[Black "Kowalski, Igor"]
[Result "1-0"]
[WhiteTitle "k"]
[BlackTitle "FM"]
[WhiteElo "2343"]
[BlackElo "2308"]

1. d4 Nf6 2. c4 g6 3. Nc3 Bg7 4. e4 d6 5. Nf3 O-O 6. Be2 e5 7. dxe5 dxe5 8. Qxd8
Rxd8 9. Bg5 Be6 10. Nxe5 h6 11. Bh4 g5 12. Bg3 Na6 13. Rd1 Nc5 14. f3 Nh5 15.
Nd3 Nxg3 16. hxg3 Bxc3+ 17. bxc3 Na4 18. Rc1 Bxc4 19. Nb4 Bxe2 20. Kxe2 Rd6 21.
Nd5 Rad8 22. Rc2 c6 23. Ne7+ Kh7 24. Nf5 Rd3 25. Nxh6 Rxc3 26. Nxf7+ Kg7 27. Nxd8
Rxc2+ 28. Ke3 Rxg2 29. Nxb7 Rxa2 30. f4 c5 31. e5 c4 32. Nd6 Nb6 33. f5 Ra3+ 34.
Ke4 Rxg3 35. Ne8+ Kf8 36. Rh8+ Ke7 37. f6+ Ke6 38. Ng7+ Kf7 39. e6+ Kxf6 40. Nh5+
Kxe6 41. Nxg3 Kd6 42. Kd4 Kc6 43. Ne4 Kb5 44. Rh1 1-0

[Event "Indywidualne Mistrzostwa Polski Juniorow do lat 18 - Chlopcy"]
[Site "Szklarska Poreba"]
[Date "1899-12-30"]
[Round "5.2"]
[White "Brozyna, Mateusz"]
[Black "Oglaza, Oskar"]
[Result "0-1"]
[WhiteTitle "k"]
[BlackTitle "FM"]
[WhiteElo "2180"]
[BlackElo "2342"]

1. e4 c5 2. Nf3 d6 3. d4 cxd4 4. Nxd4 Nf6 5. Nc3 a6 6. Nb3 g6 7. Be2 Bg7 8. g4
Nc6 9. g5 Nd7 10. Be3 b5 11. Qd2 Bb7 12. O-O-O Rc8 13. h4 Nb6 14. Bxb6 Qxb6 15.
Nd5 Qxf2 16. Nxe7 Rd8 17. Rhf1 Qxh4 18. Qd5 Ne5 19. Qxb7 Qxg5+ 20. Kb1 Qxe7 21.
Qxa6 O-O 22. Bxb5 Ng4 23. Rde1 h5 24. Bc6 Kh7 25. Bd5 Nf6 26. Nd4 Nxd5 27. exd5
Qg5 28. Nc6 Rde8 29. Rd1 h4 30. Qa3 Be5 31. Nxe5 Qxe5 32. Qh3 g5 33. Rf5 Qe2 34.
Rff1 f5 35. Qc3 Qe5 36. Qd2 f4 37. Rg1 Kh6 38. Rge1 Qf5 39. Rh1 Re5 40. Rdg1 Rxd5
41. Qb4 Kh5 42. Qb7 f3 43. a4 f2 44. Rc1 Re5 45. Qb4 Qe4 46. Qd2 Qe2 0-1

[Event "Indywidualne Mistrzostwa Polski Juniorow do lat 18 - Chlopcy"]
[Site "Szklarska Poreba"]
[Date "1899-12-30"]
[Round "5.3"]
[White "Fus, Jakub"]
[Black "Chylewski, Patryk"]
[Result "1/2-1/2"]
[WhiteTitle "FM"]
[BlackTitle "FM"]
[WhiteElo "2339"]
[BlackElo "2312"]

1. d4 Nf6 2. c4 e6 3. Nf3 b6 4. g3 Bb7 5. Bg2 c5 6. d5 exd5 7. O-O g6 8. cxd5 d6
9. Nc3 Bg7 10. Nd2 a6 11. a4 Nbd7 12. Nc4 Ne5 13. Na3 O-O 14. f4 Ned7 15. e4 Qb8
16. Re1 Re8 17. Nc4 Bf8 18. Bd2 Qc7 19. g4 Rab8 20. h3 Ba8 21. Na3 Bg7 22. Rc1
Bf8 23. b3 Qd8 24. Qf3 Bb7 25. Bf1 h5 26. g5 Nh7 27. h4 Bg7 28. Nc4 Qc7 29. Qg3
Nhf8 30. Kh2 Ba8 31. Na3 Bb7 32. Nc4 Ba8 33. Na3 Bb7 34. Bc4 Re7 35. Re2 Rbe8
36. Rce1 Qb8 37. Qd3 Qa8 38. Nd1 Qc8 39. Bc3 Nb8 40. Bxg7 Kxg7 41. Nf2 Nfd7 42.
Nb1 b5 43. axb5 axb5 44. Bxb5 Na6 45. Na3 Nb4 46. Qc3+ Kg8 47. Nc2 Nxc2 48. Qxc2
Ba6 49. Bc4 Qb7 50. Ra1 Bb5 51. Ra5 Bxc4 52. bxc4 Ra8 53. Rxa8+ Qxa8 54. Re1 Qa3
55. Kg2 Re8 56. Rb1 Qe3 57. Qc1 Qd4 58. Rb7 Nf8 59. Rb3 Ra8 60. Rd3 Qg7 61. Qb1
Qa1 62. Qb6 Ra6 63. Qc7 Qc1 64. f5 Qxc4 65. Qc8 Ra2 66. Rf3 Qxe4 67. fxg6 Qxg6
68. Qe8 c4 69. Rf6 Qg7 70. Qc6 Rc2 71. Qxd6 Ng6 72. Qb8+ Qf8 73. Qb1 Re2 74. Rxg6+
fxg6 75. Qxg6+ Qg7 76. Qxh5 Rb2 77. Qe8+ Kh7 78. Qh5+ Kg8 79. Qe8+ Qf8 80. Qg6+
Kh8 81. Qh5+ 1/2-1/2

[Event "Indywidualne Mistrzostwa Polski Juniorow do lat 18 - Chlopcy"]
[Site "Szklarska Poreba"]
[Date "1899-12-30"]
[Round "5.4"]
[White "Godzwon, Iwo"]
[Black "Pacan-milej, Kosma"]
[Result "0-1"]
[WhiteTitle "FM"]
[BlackTitle "FM"]
[WhiteElo "2322"]
[BlackElo "2265"]

1. c4 c6 2. d4 d5 3. Nf3 Nf6 4. e3 a6 5. Bd3 Bg4 6. Qb3 Bxf3 7. gxf3 Qc7 8. f4
e6 9. c5 Nbd7 10. Bd2 g6 11. Nc3 Nh5 12. Ne2 Ng7 13. Ng3 Nf5 14. Qa4 Bg7 15. Nxf5
exf5 16. Qa5 Qc8 17. O-O-O O-O 18. Rhg1 Re8 19. f3 b6 20. cxb6 c5 21. Kb1 c4 22.
Bxf5 gxf5 23. Rg2 Re6 24. Qxd5 Nxb6 25. Qxf5 Rg6 26. Qxc8+ Nxc8 27. Re2 Nd6 28.
e4 Nb5 29. Bc3 Nxc3+ 30. bxc3 Rb8+ 31. Ka1 Bf8 32. Rb1 Rxb1+ 33. Kxb1 Rg1+ 34.
Kb2 Rf1 35. f5 Rxf3 36. Rg2+ Kh8 37. a4 f6 38. Re2 Kg7 39. Kc2 Kf7 40. Kb2 h5
41. a5 h4 42. e5 Rxf5 43. e6+ Ke8 0-1

[Event "Indywidualne Mistrzostwa Polski Juniorow do lat 18 - Chlopcy"]
[Site "Szklarska Poreba"]
[Date "1899-12-30"]
[Round "5.5"]
[White "Lukasiewicz, Krzysztof"]
[Black "Psyk, Radoslaw"]
[Result "1-0"]
[WhiteTitle "k"]
[BlackTitle "k++"]
[WhiteElo "2155"]
[BlackElo "2315"]

1. e4 c5 2. Nf3 e6 3. d4 cxd4 4. Nxd4 a6 5. Nc3 Qc7 6. g3 Nc6 7. Bg2 d6 8. O-O
Bd7 9. Nb3 Be7 10. f4 Nf6 11. Be3 h5 12. Na4 Rc8 13. Bb6 Qb8 14. h3 O-O 15. Qd2
Na7 16. Nc3 Nb5 17. Ne2 Bd8 18. Be3 Qc7 19. a4 Qxc2 20. axb5 Bxb5 21. Rfc1 Qxd2
22. Nxd2 Rxc1+ 23. Nxc1 d5 24. Na2 dxe4 25. Nxe4 Nxe4 26. Bxe4 Bf6 27. Nc3 Bc4
28. Rd1 b5 29. Bc5 Rc8 30. Bb4 Bb3 31. Rd7 Rc4 32. Ba5 g6 33. Bd3 Rc6 34. Bb4
Kg7 35. Rd6 Rxd6 36. Bxd6 Bd4+ 37. Kg2 f6 38. Bb4 Bb6 39. Ne4 Bd5 40. Bc3 Kf7
41. Kh2 f5 42. Ng5+ Ke7 43. Be2 Bc6 44. Bf3 Be8 45. b4 h4 46. gxh4 Bf2 47. Bb7
Bxh4 48. Nf3 Bf2 49. Bxa6 Kd6 50. Bd4 Bxd4 51. Nxd4 e5 52. Nxb5+ Kc6 53. fxe5
f4 54. Nd6 1-0

[Event "Indywidualne Mistrzostwa Polski Juniorow do lat 18 - Chlopcy"]
[Site "Szklarska Poreba"]
[Date "1899-12-30"]
[Round "5.6"]
[White "Nowak, Mikolaj"]
[Black "Kokoszczynski, Jan"]
[Result "1/2-1/2"]
[WhiteTitle "I++"]
[BlackTitle "k"]
[WhiteElo "2254"]
[BlackElo "2239"]

1. Nf3 Nf6 2. g3 d5 3. Bg2 c6 4. O-O Bg4 5. Ne5 Bh5 6. d4 Nbd7 7. c4 e6 8. Nc3
Be7 9. h3 Nxe5 10. dxe5 Ne4 11. Nxe4 dxe4 12. Qc2 Bg6 13. Be3 Qc7 14. Qc3 O-O
15. Rad1 Rfd8 16. c5 Rd7 17. Rd6 Bxd6 18. cxd6 Qd8 19. f4 f5 20. Rc1 Bf7 21. Qb3
Qa5 22. Bf1 h6 23. Rc5 Qd8 24. Qc2 Kh8 25. Rc3 Rc8 26. b4 a6 27. a4 Ra8 28. Bd4
Qg8 29. Qc1 Be8 30. g4 g6 31. Rg3 Rg7 32. a5 Bd7 1/2-1/2

[Event "Indywidualne Mistrzostwa Polski Juniorow do lat 18 - Chlopcy"]
[Site "Szklarska Poreba"]
[Date "1899-12-30"]
[Round "5.7"]
[White "Wierzbicki, Michal"]
[Black "Kosakowski, Jakub"]
[Result "0-1"]
[WhiteTitle "I+"]
[BlackTitle "FM"]
[WhiteElo "1919"]
[BlackElo "2389"]

1. d4 Nf6 2. Nf3 g6 3. c4 Bg7 4. Nc3 d5 5. Bg5 dxc4 6. Qa4+ c6 7. Qxc4 O-O 8. e3
b5 9. Qb3 Be6 10. Qc2 Qa5 11. Bxf6 exf6 12. Be2 Nd7 13. O-O Rac8 14. Rfd1 Rfe8
15. Nd2 f5 16. Bf3 Qc7 17. Rac1 Qb8 18. Ne2 Bh6 19. Qd3 c5 20. Qb1 cxd4 21. Nxd4
Rxc1 22. Rxc1 f4 23. e4 Ne5 24. Nxe6 Rxe6 25. Nb3 Nc4 26. Be2 Rc6 27. Bxc4 Rxc4
28. Qd3 Rxc1+ 29. Nxc1 f3 30. Nb3 fxg2 31. Nc5 a5 32. Qd5 Bf4 33. Nd7 Qd8 34.
Kxg2 b4 35. Qd4 Bg5 36. Qd6 Kg7 37. e5 Be7 38. Qd4 Qa8+ 39. f3 Qc6 40. e6+ f6
41. Qe4 Qd6 42. Qe2 a4 43. b3 axb3 44. axb3 Qd5 45. Qe3 Qc6 46. Kg1 Qc3 47. Kf2
Qc2+ 48. Kg1 g5 49. h3 h5 50. h4 Qc3 51. Qe4 Qxb3 52. hxg5 Qd1+ 53. Kf2 Qd2+ 54.
Kf1 Qxg5 55. f4 Qg4 56. Nb6 b3 57. Nd5 b2 58. Nxe7 Qd1+ 59. Kf2 b1=Q 60. Nf5+
Kh7 61. Qxb1 Qxb1 0-1

[Event "Indywidualne Mistrzostwa Polski Juniorow do lat 18 - Chlopcy"]
[Site "Szklarska Poreba"]
[Date "1899-12-30"]
[Round "5.8"]
[White "Polczyk, Mikolaj"]
[Black "Leskiewicz, Ignacy"]
[Result "1/2-1/2"]
[WhiteTitle "k"]
[BlackTitle "I++"]
[WhiteElo "2131"]
[BlackElo "2192"]

1. d4 Nf6 2. c4 g6 3. Nf3 Bg7 4. g3 d6 5. Bg2 O-O 6. Nc3 Nc6 7. O-O a6 8. e4 Rb8
9. d5 Na5 10. Qe2 c5 11. e5 Ng4 12. Bf4 b5 13. cxb5 axb5 14. h3 Nxe5 15. Nxe5
dxe5 16. Bxe5 Bxe5 17. Qxe5 Qd6 18. Rfe1 Rb7 19. Qe2 c4 20. Ne4 Qe5 21. Qd2 Ra7
22. Qb4 Qb8 23. Nc3 Bf5 24. Nxb5 Rb7 25. a4 Nb3 26. Ra3 Nd4 27. d6 Nc2 28. Qa5
Nxe1 29. Bxb7 Qxb7 30. Qxe1 Bxh3 31. f3 Be6 32. Qe4 Qb6+ 33. Qd4 Qxd4+ 34. Nxd4
exd6 35. a5 Ra8 36. a6 Bd7 37. a7 Kf8 38. Ra6 Ke7 39. Kf2 Bc8 40. Rb6 Bd7 41.
Rb7 d5 42. Nb5 d4 43. Rb8 c3 44. bxc3 dxc3 45. Ke3 c2 46. Kd2 Bc6 1/2-1/2

[Event "Indywidualne Mistrzostwa Polski Juniorow do lat 18 - Chlopcy"]
[Site "Szklarska Poreba"]
[Date "1899-12-30"]
[Round "5.9"]
[White "Raczynski, Krzysztof"]
[Black "Woloch, Oskar"]
[Result "1-0"]
[WhiteTitle "k+"]
[BlackTitle "k"]
[WhiteElo "2157"]
[BlackElo "2032"]

1. e4 d6 2. d4 Nf6 3. Nc3 e5 4. Nf3 Nbd7 5. Bc4 Be7 6. O-O O-O 7. Re1 a6 8. a4
b6 9. Bg5 c6 10. d5 c5 11. Qd2 Ne8 12. Be3 g6 13. Bh6 Ng7 14. Ra3 Kh8 15. Rb3
Nf6 16. Bg5 Ng8 17. Bxe7 Nxe7 18. Ne2 Bd7 19. Ng5 Bxa4 20. Rh3 h5 21. f4 Bd7 22.
f5 gxf5 23. Ne6 fxe6 24. Qh6+ Kg8 25. Rg3 Rf7 26. dxe6 Bxe6 27. Bxe6 Qf8 28. Rf1
f4 29. Nxf4 1-0

[Event "Indywidualne Mistrzostwa Polski Juniorow do lat 18 - Chlopcy"]
[Site "Szklarska Poreba"]
[Date "1899-12-30"]
[Round "5.10"]
[White "Jarzebowski, Kacper"]
[Black "Golenia, Jan"]
[Result "1/2-1/2"]
[WhiteTitle "I++"]
[BlackTitle "I++"]
[WhiteElo "2079"]
[BlackElo "2041"]

1. d4 d6 2. c4 Nf6 3. Nc3 Nbd7 4. e4 e5 5. d5 Be7 6. Bd3 Nc5 7. Nge2 h6 8. f3 Nh5
9. Be3 a5 10. Bc2 b6 11. a3 Bd7 12. b4 axb4 13. axb4 Na6 14. Rb1 O-O 15. O-O g5
16. Bd3 Nf4 17. Nxf4 exf4 18. Bf2 Bf6 19. Qb3 Qe7 20. Ra1 Qe5 21. Ra3 Qxc3 22.
Qxc3 Bxc3 23. b5 Bb2 24. Rxa6 Rxa6 25. bxa6 Ra8 26. Rb1 Be5 27. Bf1 Bc8 28. g3
Bxa6 29. gxf4 Bxf4 30. Ra1 Be5 31. Ra2 Bb7 32. Rxa8+ Bxa8 33. Bh3 Bb7 34. Bd7
Kf8 35. h4 Ke7 36. Bb5 Bc8 37. hxg5 hxg5 38. Kg2 f5 39. exf5 Bxf5 40. Be3 Kf6
41. Bf2 Bc3 42. Bg3 Bd2 43. Kf1 Bd3+ 44. Kg2 Bc2 45. Bd7 Bd1 46. Bb5 Be3 47. Bd7
Be2 48. Bb5 Kf5 49. Bd7+ Kg6 50. Bb5 Kf6 51. Ba6 Bf4 52. Be1 g4 53. fxg4 Bxg4
54. Bc3+ Be5 55. Bd2 Bd7 56. Kf3 Kf5 57. Bb5 Bc8 58. Be1 Bf4 59. Bh4 Bg5 60. Bxg5
Kxg5 61. Ke4 Bf5+ 62. Kd4 Kf4 63. Be8 Kf3 64. Bh5+ Bg4 65. Bg6 Bd7 66. Bh5+ Kf4
67. Bg6 b5 68. cxb5 Bxb5 1/2-1/2

[Event "Indywidualne Mistrzostwa Polski Juniorow do lat 18 - Chlopcy"]
[Site "Szklarska Poreba"]
[Date "1899-12-30"]
[Round "5.11"]
[White "Kukula, Karol"]
[Black "Szpar, Milosz"]
[Result "0-1"]
[WhiteTitle "I"]
[BlackTitle "FM"]
[WhiteElo "1785"]
[BlackElo "2311"]

1. e4 g6 2. d4 Bg7 3. Nc3 d6 4. Nf3 Nf6 5. Bd3 O-O 6. O-O Nc6 7. h3 e5 8. dxe5
Nxe5 9. Nxe5 dxe5 10. Qe2 c6 11. Rd1 Nh5 12. Be3 Nf4 13. Bxf4 exf4 14. Qf3 Qh4
15. Be2 Be5 16. Bf1 h5 17. Rd3 Be6 18. g3 fxg3 19. fxg3 Qe7 20. Bg2 h4 21. g4
b5 22. Re1 Qg5 23. Qe3 Bf4 24. Qf3 b4 25. Ne2 Bc7 26. Rf1 Qe5 27. Qf4 Qc5+ 28.
Qe3 Qxe3+ 29. Rxe3 Bb6 30. Rff3 Rad8 31. Kh2 Rd2 32. c3 Bxe3 33. Rxe3 Rxb2 34.
Nd4 c5 0-1

[Event "Indywidualne Mistrzostwa Polski Juniorow do lat 18 - Chlopcy"]
[Site "Szklarska Poreba"]
[Date "1899-12-30"]
[Round "5.12"]
[White "Szydelko, Michal"]
[Black "Pytel, Maciej"]
[Result "1/2-1/2"]
[WhiteTitle "I"]
[BlackTitle "k"]
[WhiteElo "1764"]
[BlackElo "2165"]

1. e4 c5 2. c3 d5 3. exd5 Qxd5 4. d4 Nc6 5. Nf3 e6 6. Be2 Nf6 7. O-O Be7 8. h3
O-O 9. Be3 cxd4 10. cxd4 Qd6 11. Nc3 a6 12. a4 Nd5 13. Qd2 Na5 14. Rad1 b6 15.
Ne5 Bb7 16. Bf3 f6 17. Bxd5 exd5 18. Nd3 Qd7 19. Qe2 Bc6 20. Qf3 Rfd8 21. b4 Nc4
22. Ra1 Rac8 23. Rfb1 Bb7 24. Ne2 Bf8 25. Re1 Re8 26. Bf4 Re4 27. Be3 Nxe3 28.
fxe3 Rc4 29. Reb1 Qe8 30. Kf2 Rc2 31. Ndf4 g6 32. g4 Bd6 33. Ng2 Kg7 34. Kg1 Rc4
35. b5 axb5 36. axb5 Re7 37. Rf1 Rf7 38. Nef4 Bxf4 39. Nxf4 Kg8 40. Ra7 Qb8 41.
Rfa1 Rc2 42. R7a2 1/2-1/2